000 01198cam a2200265Mi 4500
001 forbiddenworkers00kwon
003 CaSfIA
005 20210118084049.0
007 cr||||
008 981203s1997 xx 000 0 eng d
040 _aGEBAY
_bger
_cGEBAY
_dCaSfIA
020 _a156584355X
020 _a9781565843554
035 _a(OCoLC)243898071
100 1 _aKwong, Peter
245 0 0 _aForbidden workers :
_h[electronic resource]
_billegal Chinese immigrants and American labor
_cPeter Kwong
260 _aNew York
_bNew Press
_c1997
300 _aXII, 273 S.
653 0 _aUSA
_aIllegaler Einwanderer
_aBeschäftigung
_aChinesen
856 4 1 _uhttp://www.archive.org/details/forbiddenworkers00kwon
_zFree eBook from the Internet Archive
856 4 2 _uhttp://www.openlibrary.org/books/OL679783M
_zAdditional information and access via Open Library
942 _cEB
506 _fНеобхідна авторизація на https://archive.org/ (створення облікового запису безкоштовно)
506 _fНеобхідна авторизація на https://openlibrary.org/ (створення облікового запису безкоштовно)
999 _c497967
_d497967